00349nam a2200133 a 45000010010000000030011000100080041000210350026000620820014000881000018001022450038001202600043001586500014002010000-8985ELIB.Books110520 2008  a(ELIB.Books)0000-9134 a253 bHil aHill, Harriet aTranslating the Bible into Action bCarlisle: Piquant Editions Ltd. c2008 aPreaching